LEADER 01202nam0 2200289 450 001 000033846 005 20211012114157.0 010 $a978-88-8262-209-1 100 $a20211012d2010----km-y0itay50------ba 101 0 $aita 102 $aIT 105 $ay-------001yy 200 1 $aValutazione dell'impatto potenziale dei programmi operativi FESR sulla riduzione delle emissioni di gas serra$equadro strategico nazionale 2007-2013$fENEA 210 $aRoma$cENEA$d2010 215 $a152 p.$cgrafici$d30 cm 300 $aIn testa al frontespizio: ENEA; QSN Quadro strategico nazionale; Ministero dello sviluppo economico 410 0$12001 500 10$aValutazione dell'impatto potenziale dei programmi operativi FESR sulla riduzione delle emissioni di gas serra$91394606 610 1 $aItalia$aPolitiche ambientali$aProgrammi operativi 610 1 $aTutela dell'ambiente$aRiduzione gas serra 676 $v20$a333 712 02$aENEA 801 0$aIT$bUNIPARTHENOPE$gRICA$2UNIMARC 912 $a000033846 951 $a333-V/10$b42161$cNAVA1$d2011 996 $aValutazione dell'impatto potenziale dei programmi operativi FESR sulla riduzione delle emissioni di gas serra$91394606 997 $aUNIPARTHENOPE